000
00373nam a2200145Ia 4500
008
231129s1974||||xx |||||||||||||| ||spa||
020
_a
84-211-7068-6
040
_b
spa
082
_a
Pe863.44 / V297j
100
_a
Vargas Llosa Mario
245
0
_a
Los jefes
260
_c
1974
264
_a
Seix Barral Editores
942
_2
ddc
_c
BKS
999
_c
19777
_d
19777